|
|
|
|
| LEADER |
02180nam a2200397 a 4500 |
| 001 |
45729 |
| 003 |
BD-DhAAL |
| 005 |
20260510183324.0 |
| 008 |
260510t2007 nyu b 001 0 eng |
| 010 |
|
|
|a 2006035616
|
| 015 |
|
|
|a GBA710428
|2 bnb
|
| 016 |
7 |
|
|a 013661242
|2 Uk
|
| 020 |
|
|
|a 9781586484170
|
| 020 |
|
|
|a 9781586485672
|
| 020 |
|
|
|a 1586484176
|
| 035 |
|
|
|a 14607443
|
| 035 |
|
|
|a (OCoLC)74492149
|
| 040 |
|
|
|a DLC
|c DLC
|d BAKER
|d UKM
|d BTCTA
|d C#P
|d DLC
|d BD-DhAAL
|
| 043 |
|
|
|a a-ja---
|
| 050 |
0 |
0 |
|a DS889.5
|b .P95 2007
|
| 082 |
0 |
0 |
|a 327.52
|2 22
|
| 100 |
1 |
|
|a Pyle, Kenneth B.
|9 60589
|
| 245 |
1 |
0 |
|a Japan rising :
|b the resurgence of Japanese power and purpose /
|c Kenneth B. Pyle.
|
| 260 |
|
|
|a New York :
|b Public Affairs,
|c c2007.
|
| 300 |
|
|
|a xiv, 433 pages ;
|c 25 cm.
|
| 504 |
|
|
|a Includes bibliographical references (p. [375]-420) and index.
|
| 505 |
0 |
|
|a Introduction : the Japan puzzle -- New international orders -- Japan's national style -- The world Japan entered -- Stature among nations -- The challenge of international liberalism -- Japan's abortive new order -- The Cold War opportunity -- The Yoshida doctrine as grand strategy -- The post-Cold War interval in East Asia -- Japan and the rise of China -- The prospect of a new East Asian order -- Epilogue : Japan's twenty-first-century resurgence.
|
| 526 |
8 |
|
|a AAL
|
| 541 |
1 |
|
|a Donated by Embassy of Japan in Bangladesh, Read Japan Project 2025, The Tokyo Foundation, supported by The Nippon Foundation.
|e 45729
|
| 650 |
|
0 |
|a Political science.
|
| 651 |
|
0 |
|a Japan
|x Foreign relations
|y 1945-
|9 60590
|
| 651 |
|
0 |
|a Japan
|x Politics and government
|y 1945-
|9 60591
|
| 852 |
1 |
|
|a Ayesha Abed Library
|c General Stacks
|
| 942 |
|
|
|2 ddc
|c BK
|
| 999 |
|
|
|c 47909
|d 47909
|
| 952 |
|
|
|0 0
|1 0
|2 ddc
|4 0
|6 327_520000000000000_PYL
|7 0
|9 79167
|a BRACUL
|b BRACUL
|d 2026-05-10
|e Donated by Embassy of Japan in Bangladesh, Read Japan Project 2025, The Tokyo Foundation, supported by The Nippon Foundation.
|l 0
|o 327.52 PYL
|p 3010045729
|r 2026-05-10
|t 1
|w 2026-05-10
|y BK
|x Donated copy received from Embassy of Japan in Bangladesh, Read Japan Project 2025, The Tokyo Foundation, supported by The Nippon Foundation on 08 April 2026; $15.99
|